000 00289nam a22001097a 4500
082 _a309.22 326 6 SHE
100 _aSHEETS, H
245 _aDisaster in the desert
260 _aNew York
_bThe Carnegie Endowment for International peace
300 _avii,167p.
_bIll.,Maps, 18cm.
942 _cBK
999 _c20552
_d20552